| 000 | 00392 a2200145 4500 | ||
|---|---|---|---|
| 005 | 20250620112638.0 | ||
| 020 | _a978-81-203-4555586-7 | ||
| 082 | _a658.15SHA | ||
| 100 | _aSHARAN. V | ||
| 245 | _aImternational Financial Management | ||
| 250 | _a6th Ed. | ||
| 260 |
_aNew Delh, _bSHARAN. V, _c2016. |
||
| 300 |
_axvii, 558p,; ill, figure & table _b Indexes & Glossary _c24cm |
||
| 942 |
_2ddc _cBKS |
||
| 999 |
_c4516 _d4516 |
||